|
|
|
|
| LEADER |
01103cam a2200277 7i4500 |
| 001 |
0000063866 |
| 005 |
20211119090000.0 |
| 020 |
|
|
|a 9781482258004 (electronic book)
|
| 090 |
0 |
0 |
|a TA418.9.C6
|b P66 2015
|
| 245 |
0 |
0 |
|a Polymers and polymeric composites :
|b properties, optimization, and applications
|c edited by Liliya I. Bazylak, Gennady E. Zaikov, and A.K. Haghi.
|
| 264 |
|
|
|a Boca Raton, FL:
|b CRC Press,
|c 2015.
|
| 300 |
|
|
|a 1 online resource (267 pages):
|b text file, PDF.
|
| 336 |
|
|
|a text
|2 rdacontent
|
| 337 |
|
|
|a computer
|2 rdamedia
|
| 338 |
|
|
|a online resource
|2 rdacarrier
|
| 490 |
0 |
|
|a AAP research notes on polymer engineering science and technology
|
| 650 |
|
0 |
|a Polymers
|
| 650 |
|
0 |
|a Polymeric composites
|
| 655 |
|
0 |
|a Electronic books
|
| 700 |
1 |
|
|a Haghi, A. K.
|
| 700 |
1 |
|
|a Zaikov, Gennady E.
|
| 700 |
0 |
|
|a Bazylak, Liliya I.
|
| 856 |
4 |
2 |
|u http://library.unisel.edu.my/web/guest/mylibrary
|
| 997 |
|
|
|a Engineering & Life Sciences, Faculty
|b Science & Biotechnology, Department
|
| 998 |
|
|
|a Industrial Technology, Degree
|
| 999 |
|
|
|a EBO0008318
|b EBOOK
|c EBOOK
|e Electronic resources
|